000 01189nam a2200313Ia 4500
003 OSt
005 20221005110612.0
006 a|||||r|||| 00| 0
007 ta
008 221004b |||||||| |||| 00| 0 hin d
020 _a8126309490 (hbk)
_cINR 250.00
024 _a37132
037 _bBW/1686, 15/03/2018, Bookwell
_cTextual
040 _aCRL
_cCRL
_bhin
041 _2hin
_ahin
082 _aO157,3N10,PR, 152N0;Q4
100 _aआशापूर्णा देवी
245 0 _aप्रारब्ध
246 _aPrārabdha
250 _aसंस्करण 9
260 _aनई दिल्ली
_bभारतीय ज्ञानपीठ भारत
_c2014
300 _a353पृ0
_ccm.
490 _aराष्ट्रभारती; ग्रन्थांक 498
650 _a बंगाली साहित्य
650 _aबंगाली कहानी
700 _a खरे, ममता, अनु.
942 _hO157,3N10,PR, 152N0;Q4
_cTEXL
_2cc
999 _c1019324
_d1019324